| 000 | 00452nam a2200169Ia 4500 | ||
|---|---|---|---|
| 008 | 221030s9999 xx 000 0 und d | ||
| 020 | _a8187972092 | ||
| 041 | _aEnglish | ||
| 082 |
_a105.23 _bGao |
||
| 100 | _aR. Gaonkar | ||
| 245 | 0 |
_aMicroprocessor Architecture, Programming & Applications with the 8085 _cby R. Gaonkar |
|
| 250 | _a5th | ||
| 260 |
_bPenram International Pub. _aMumbai _c2003 |
||
| 300 | _a820 | ||
| 650 | _aComputers | ||
| 942 | _cBK | ||
| 999 |
_c915 _d915 |
||